000 00544nam a22001937a 4500
003 IIN
005 20250507131817.0
008 231223r2023 ii ||||| |||| 00| 0 eng d
020 _cRs.165.00
_a9788195985548
040 _aIIN
_bEnglisg
082 _a150.2461073
_bMUK
100 1 _aMukherjee, Manju
245 _aText book of psychology for nurses/
_cManju Mukherjee
260 _aKolkata
_bTechno World
_c2023
300 _a110 p.
500 _aIncludes glossary and bibliographical reference
650 _aPsychology
_vNursing
942 _cBOOK
999 _c1650
_d1650